00000000nam 2200000zi 4500
0019.954296
003CaOODSP
00520251031142449
006m     o  d f      
007cr mn|||||||||
008250820t20172017onca    ob   f000 0 eng d
040 |aCaOODSP|beng|erda|cCaOODSP
043 |an-cn-ab
0861 |aM183-2/6863E-PDF
1001 |aChen, G. |q(Gang)|eauthor.
24510|aExtreme river flow prediction for river water supply to oil sands mining sites, Athabasca River near Fort McMurray, Alberta / |cG. Chen and Z. Chen.
264 1|a[Ottawa] : |bNatural Resources Canada = Ressources naturelles Canada, |c2017.
264 4|c©2017
300 |a1 online resource (145 pages) : |bcolour illustrations.
336 |atext|btxt|2rdacontent
337 |acomputer|bc|2rdamedia
338 |aonline resource|bcr|2rdacarrier
4901 |aGeological Survey of Canada open file, |x2816-7155 ; |v6863
500 |aISSN of series supplied from ISSN Portal.
504 |aIncludes bibliographical references (page 50).
650 0|aStreamflow|zAlberta|zAthabasca River|xForecasting|xMathematical models.
650 0|aClimatic changes|zAlberta|zAthabasca River|xForecasting|xMathematical models.
650 0|aOil sands industry|zAlberta|zFort McMurray Region|xWater-supply.
650 6|aCours d'eau|xDébit|zAlberta|zAthabasca, Rivière|xPrévision|xModèles mathématiques.
650 6|aClimat|xChangements|zAlberta|zAthabasca, Rivière|xPrévision|xModèles mathématiques.
650 6|aSables bitumineux|xIndustrie|zAlberta|zFort McMurray, Région de|xApprovisionnement en eau.
7102 |aGeological Survey of Canada, |eissuing body.
830#0|aOpen file (Geological Survey of Canada)|v6863.|w(CaOODSP)9.506878
85640|qPDF|s544 KB|uhttps://publications.gc.ca/collections/collection_2025/rncan-nrcan/m183-2/M183-2-6863-eng.pdf
8564 |qHTML|sN/A|uhttps://doi.org/10.4095/299742